logo

Bir Sreshtho Munshi Abdur Rouf Library
Jhenaidah Cadet College

Arms and the Man : (Record no. 5238)

MARC details
000 -LEADER
fixed length control field 00507nam a2200205 a 4500
001 - CONTROL NUMBER
JCCL Control Number 5238
003 - CONTROL NUMBER IDENTIFIER
JCCL marc code BD-JhCC
005 - DATE AND TIME OF LATEST TRANSACTION
control field 20171213094223.0
008 - FIXED-LENGTH DATA ELEMENTS--GENERAL INFORMATION
fixed length control field 171211s2006 bg ||||| |||| 00| 0 eng d
035 ## - SYSTEM CONTROL NUMBER
system control number (BD-JhCC)5238
040 ## - CATALOGING SOURCE
Original cataloging agency BD-JhCC
Modifying agency BD-JhCC
041 ## - LANGUAGE CODE
Language code of Book eng
082 ## - DEWEY DECIMAL CLASSIFICATION NUMBER
Classification number 822.912
Author mark and Year SHA 2006
100 ## - MAIN ENTRY--PERSONAL NAME
Personal name Shaw, Bernard
245 ## - TITLE STATEMENT
Title Arms and the Man :
Remainder of title an anit-romantic comedy /
Statement of responsibility, etc Bernard Shaw
300 ## - PHYSICAL DESCRIPTION
Pagination 168 p. :
Dimensions 17 cm.
650 ## - SUBJECT ADDED ENTRY--TOPICAL TERM
Topical term or geographic name as entry element English Drama
942 ## - ADDED ENTRY ELEMENTS (KOHA)
Source of classification or shelving scheme Dewey Decimal Classification
Koha item type Books
Holdings
Source of classification or shelving scheme Damaged status Not for loan Home library Current library Shelving location Date of accession Cost, normal purchase price Total Checkouts Full call number Barcode Date last seen Copy number Koha item type
Dewey Decimal Classification     JCC Rouf Library JCC Rouf Library General Stacks 12/11/2017 75.00   822.912 SHA 2006 7174 02/05/2026 C-1 Books

JCC Library | Contacts | JCC Home

Last Update on 23 September 2017
Copyright @ 2017-2020 JCC Rouf Library
Rouf Library, Jhenidah Cadet College (JCC), Bangladesh